000 00276nam a22001337a 4500
003 SGT
082 _a621.382
_bD05K
100 _aKATRE,J.S
245 _aDIGITAL COMMUNICATION
260 _aPUNE
_bTECH-MAX PUB
_c2005
300 _a5-98
650 _aPHARMACY
942 _2ddc
_cBK
999 _c11211
_d11211